Contracorriente /
Guardat en:
| Altres autors: | , , , , |
|---|---|
| Format: | |
| Idioma: | espanyol |
| Publicat: |
[Torino] :
Atlantide Entertainment,
2011
|
| Col·lecció: | Queer frame ;
12 |
| Etiquetes: |
Sense etiquetes, Sigues el primer a etiquetar aquest registre!
|
MARC
| LEADER | 00000ngm a22000007i 4500 | ||
|---|---|---|---|
| 001 | IT\ICCU\UBO\3912812 | ||
| 003 | ItRI | ||
| 005 | 20260124182849.0 | ||
| 008 | 120201s2011 it |||||||||||||||k|||||c | ||
| 024 | 3 | 1 | |a 8058180410180 |
| 040 | |b ita | ||
| 041 | 7 | |a spa |2 ISO-639-2 | |
| 130 | 0 | |a Contracorriente <film ; 2009> |3 IT\ICCU\UBO\3912814 | |
| 245 | 0 | 0 | |a Contracorriente / |c un film di Javier Fuentes-Leon ; musiche originali: Selma Mutal. |
| 246 | 1 | 1 | |a Controcorrente. |9 IT\ICCU\UBO\3912816 |
| 260 | |a [Torino] : |b Atlantide Entertainment, |c 2011 | ||
| 300 | |a 1 DVD video (ca. 100 min) : |b color., sonoro | ||
| 500 | |a Caratteristiche tecniche: regione 2; 16:9, 2.35:1, Dolby digital 2.0 | ||
| 500 | |a Lingua: spagnolo; sottotitoli: italiano | ||
| 500 | |a Titolo del contenitore | ||
| 500 | |a Interpreti: Manolo Cardona, Tatiana Astengo, Cristian Mercado | ||
| 500 | |a Produzione cinematografica: Perù, Colombia, Francia, Germania, 2009 | ||
| 500 | |a Contenuti extra: scene tagliate e making of, trailer italiano | ||
| 500 | |a Film per tutti con adulto. | ||
| 700 | 1 | |a Cardona, Manolo |0 IT\ICCU\CAGV\611652 | |
| 700 | 1 | |a Mutal, Selma |0 IT\ICCU\LO1V\363422 | |
| 700 | 1 | |a Fuentes-Leon, Javier |0 IT\ICCU\UBOV\333135 | |
| 700 | 1 | |a Astengo, Tatiana |0 IT\ICCU\UBOV\333136 | |
| 700 | 1 | |a Mercado, Cristian |0 IT\ICCU\UBOV\333137 | |
| 830 | 0 | |a Queer frame ; |v 12 |0 IT\ICCU\CAG\1820172 | |
| 942 | |2 ddc |c VM |n 0 | ||
| 952 | |0 0 |1 0 |4 0 |6 VO_1937_000000000000000 |7 0 |9 27185 |a BO |b BO |d 2026-01-24 |i 16112 |l 0 |o VO 1937 |p BO16112 |r 2026-01-24 18:28:49 |w 2026-01-24 |x [Sebina 5] [1 dvd] |y VM |z 1 dvd | ||
| 999 | |c 23015 |d 23015 | ||